书目信息 |
| 题名: |
道教与长江文化
|
|
| 作者: | 杨立志 , 李程 著 | |
| 分册: | ||
| 出版信息: | 武汉 湖北教育出版社 2005 |
|
| 页数: | 486页 | |
| 开本: | 21cm | |
| 丛书名: | 长江文化研究文库 | |
| 单 册: | ||
| 中图分类: | B958 | |
| 科图分类: | ||
| 主题词: | 道教--dao jiao--研究--长江流域 | |
| 电子资源: | ||
| ISBN: | 7-5351-4356-3 | |
| 000 | 00893nam 2200277 450 | |
| 001 | CAL 012006002523 | |
| 005 | 20061123104526.35 | |
| 010 | @a7-5351-4356-3@dCNY 34.00 | |
| 099 | @aCAL 012006002523 | |
| 100 | @a20060109d2005 em y0chiy0121 ea | |
| 101 | 0 | @achi |
| 102 | @aCN@b420000 | |
| 200 | 1 | @a道教与长江文化@Adao jiao yu chang jiang wen hua@f杨立志,李程著@Fyang li zhi,li cheng zhu |
| 210 | @a武汉@c湖北教育出版社@d2005 | |
| 215 | @a486页@d21cm | |
| 225 | 2 | @a长江文化研究文库@Achang jiang wen hua yan jiu wen ku@i民族宗教系列 |
| 300 | @a本书列为国家十五重点图书选题出版规划 | |
| 320 | @a有书目 (第482-485页) | |
| 410 | 0 | @12001 @a民族宗教系列 |
| 410 | 0 | @12001 @a长江文化研究文库 |
| 606 | 0 | @a道教@Adao jiao@x研究@y长江流域 |
| 690 | @aB958@v4 | |
| 701 | 0 | @a杨立志@Ayang li zhi@4著 |
| 701 | 0 | @a李程@Ali cheng@4著 |
| 801 | @aCN@c20061123 | |
| 905 | @a10447@dB958@eY229 | |
| 道教与长江文化/杨立志,李程著.-武汉:湖北教育出版社,2005 |
| 486页;21cm.-(长江文化研究文库.民族宗教系列) |
| 本书列为国家十五重点图书选题出版规划 |
| ISBN 7-5351-4356-3:CNY 34.00 |
| ● |
| 相关链接 |
|
|
|
正题名:道教与长江文化
索取号:B958/Y229
 
预约/预借
| 序号 | 登录号 | 条形码 | 馆藏地/架位号 | 状态 | 备注 |
| 1 | 615764 | 206157647 | 自科二线400A/400A自科库 10排4列2层/ [索取号:B958/Y229] | 在馆 |